Court of Appeal Criminal Appeal No. 84 OF 2000 Mukwanga G. William Vs Uganda (Record no. 3077)

MARC details
000 -LEADER
fixed length control field 00918nam a22001457a 4500
008 - FIXED-LENGTH DATA ELEMENTS--GENERAL INFORMATION
fixed length control field 110616t xxu||||| |||| 00| 0 eng d
010 ## - LIBRARY OF CONGRESS CONTROL NUMBER
LC control number CACAF46
245 ## - TITLE STATEMENT
Title Court of Appeal Criminal Appeal No. 84 OF 2000 Mukwanga G. William Vs Uganda
260 ## - PUBLICATION, DISTRIBUTION, ETC. (IMPRINT)
Date of publication, distribution, etc 2000
500 ## - GENERAL NOTE
General note Coram: Hon. Lady Justice L.E.M. Mukasa-Kikonyogo, DCJ<br/> Hon. Mr. Justice J.P. Berko,JA<br/> Hon. Mr. Justice S.G. Engwau, JA
500 ## - GENERAL NOTE
General note Appeal from a conviction and sentence of the High Court of Uganda holden at Mukono before Mr. Justice P.K.K. Onega dated 3rd day of October 2000 in Criminal Session Case No. 730 of 1999
Holdings
Withdrawn status Lost status Source of classification or shelving scheme Damaged status Koha normalized classification for sorting Not for loan Location (home branch) Sublocation or collection (holding branch) Shelving location Date acquired Koha issues (times borrowed) Koha full call number Piece designation (barcode) Koha date last seen Price effective from Koha item type
    Dewey Decimal Classification   CACA_F_46   Law Development Centre Main Library Law Development Centre Main Library Law Reports 06/16/2011   CACA F_46 84/2000/1 06/16/2011 06/16/2011 Un Reported Cases
    Dewey Decimal Classification   CACA_F_46   Law Development Centre Main Library Law Development Centre Main Library Law Reports 06/16/2011   CACA F_46 84/2000/2 06/16/2011 06/16/2011 Un Reported Cases
    Dewey Decimal Classification   CACA_F_46   Law Development Centre Main Library Law Development Centre Main Library Law Reports 06/16/2011   CACA F_46 84/2000/3 06/16/2011 06/16/2011 Un Reported Cases